000 00361nam a2200145Ia 4500
008 150201s2009 xx 000 0 und d
082 _a612.015
_bM2009S
100 _aSOOD,RAMNIK
245 _aMEDICAL LABORATORY TECHNOLOGY
250 _a6TH
260 _bJAYPEE MEDICAL PUBLISHER
_aDELHI
_c2009
300 _a1-808
650 _aBIOCHEMISTRY
942 _2ddc
_cBK
999 _c4642
_d4642